Теория вероятностей и математическая статистика для социологов и менеджеров: учебник

Dettagli Bibliografici
Autore principale: Пашкевич А. В. Анна Валерьевна
Altri autori: Макаров А. А. (редактор)
Riassunto:Учебник создан в соответствии с Федеральным государственным образовательным стандартом по направлениям подготовки «Социология» и «Менеджмент» (квалификация «бакалавр»), В учебнике представлены материалы по методам описательной статистики, коэффициентам корреляции, построению доверительных интервалов и проверке статистических гипотез, о нормальном распределении и распределении Стьюдента, точечной оценке параметров. Учебник отличает направленность на профессиональные компетенции социологов, а также наличие примеров из практики социальных исследований. Для студентов учреждений высшего образования.
Lingua:russo
Pubblicazione: Москва, Академия, 2014
Serie:Высшее образование. Естественные науки
Бакалавриат
Soggetti:
Natura: Libro
KOHA link:https://koha.lib.tpu.ru/cgi-bin/koha/opac-detail.pl?biblionumber=268132

MARC

LEADER 00000nam0a2200000 4500
001 268132
005 20231101234136.0
010 |a 9785446805617 
035 |a (RuTPU)RU\TPU\book\291264 
090 |a 268132 
100 |a 20140827d2014 m y0rusy50 ca 
101 0 |a rus 
102 |a RU 
105 |a a j 001zy 
200 1 |a Теория вероятностей и математическая статистика для социологов и менеджеров  |e учебник  |f А. В. Пашкевич  |g под ред. А. А. Макарова 
210 |a Москва  |c Академия  |d 2014 
215 |a 333 с.  |c ил. 
225 1 |a Высшее образование. Естественные науки 
225 1 |a Бакалавриат 
320 |a Библиогр.: с. 329-330. 
330 |a Учебник создан в соответствии с Федеральным государственным образовательным стандартом по направлениям подготовки «Социология» и «Менеджмент» (квалификация «бакалавр»), В учебнике представлены материалы по методам описательной статистики, коэффициентам корреляции, построению доверительных интервалов и проверке статистических гипотез, о нормальном распределении и распределении Стьюдента, точечной оценке параметров. Учебник отличает направленность на профессиональные компетенции социологов, а также наличие примеров из практики социальных исследований. Для студентов учреждений высшего образования. 
606 1 |a Вероятностей теория и математическая статистика  |2 stltpush  |3 (RuTPU)RU\TPU\subj\2260  |9 30847 
610 1 |a описательная статистика 
610 1 |a коэффициенты связи 
610 1 |a статистические распределения 
610 1 |a точечное оценивание 
610 1 |a доверительные интервалы 
610 1 |a статистические гипотезы 
610 1 |a проверка 
610 1 |a учебники 
675 |a 519.2(075.8)  |v 3 
700 1 |a Пашкевич  |b А. В.  |g Анна Валерьевна 
702 1 |a Макаров  |b А. А.  |4 340 
801 1 |a RU  |b 63413507  |c 20140827 
801 2 |a RU  |b 63413507  |c 20150703  |g RCR 
900 |a Теория вероятностей и математическая статистика 
942 |c BK 
951 |b 080200  |b 040100  |l 8.1 
959 |a 106/20140616  |d 2  |e 576,00  |f ЧЗТЛ:1  |f АНЛ:1